Statistics for Medicine and related terms with S

Click here to take the quiz!

General Stats

  • This quiz has been taken 137 times
  • The average score is 10 of 30

Answer Stats

HintAnswer% Correct
A surgeon's knifeScalpel
93%
Largest organ of the bodySkin
90%
Abnormal sideways curvature of the spineScoliosis
77%
Contains cranial and facial bonesSkull
72%
The male gameteSperm
72%
Mental disorder in which people interpret reality abnormallySchizophrenia
65%
Also called shoulder bladeScapula
61%
An operative stitchSuture
56%
A bacterial STDSyphilis
55%
A bone consisting of manubrium, body and xiphoid processSternum
51%
An eradicated virus that used to be contagious, disfiguring and often deadlySmallpox
45%
Inside the vertebral columnSpinal cord
42%
Cancer of the connective tissueSarcoma
32%
Smallest bone in the human bodyStapes
32%
Qualitative genetic disorder of the RBCSickle cell anaemia
31%
A causative bacteria of pneumoniaStreptococcus pneumoniae
26%
Salivary glands located beneath the tongueSub-lingual
25%
Valves that prevent backflow of blood into ventricles of the heartSemilunar valves
21%
Longest muscle in the human bodySartorius
17%
A neutral amino acidSerine
16%
Surgical removal of a part of, or the complete fallopian tubeSalpingectomy
15%
A G.I tract hormone secreted by the duodenumSecretin
10%
Growth hormoneSomatotropin
10%
An enzyme in salivaSalivary amylase
8%
SCID stands forSevere Combined Immunodeficiency
8%
Blood fluke (a nematode)Schistosoma haematobium
5%
A term to define DNA replicationSemi conservative
3%
Largest artery in the human bodySystemic aorta
3%
Blood coagulation factor X; also called thrombokinaseStuart factor
2%
Intestinal juiceSuccus entericus
1%

Score Distribution

Percentile by Number Answered

Percent of People with Each Score

Your Score History

You have not taken this quiz